000 00653nam a22001817a 4500
005 20251108172456.0
008 250721s9999 xx 000 0 ara d
082 1 4 _a332.62/حنا
100 1 _aالحناوي، محمد صالح
245 1 0 _a380023دليل المستثمر المصاحب لكتاب اساسيات الاستثمار في بورصة الأوراق المالية /
264 1 _aالاسكندرية :
_bالدار الجامعية،
300 _a227ص.
650 1 7 _aالاستثمارات
650 1 7 _aاستثمارات رؤوس الأموال
650 1 7 _aرؤوس الأموال
942 _2ddc
_cBK
999 _c80323
_d80323